banner-ar

LAKES, PEAKS, AND PRAIRIES: DISCOVERING THE UNITED STATES - CANADIAN BORDER / (Record no. 22383)

MARC details
000 -الفاتح
حقل البيانات ثابتة الطول 00584nam a2200205Ia 4500
008 - عناصر البيانات ثابتة الطول - معلومات عامة
حقل البيانات ثابتة الطول 140319s9999 xx 000 0 eng d
040 ## - مصدر الفهرسة
وكالة الفهرسة الأصلية GCL /
وكالة النسخ GCL
082 04 - رقم تصنيف ديوى العشرى
رقم التصنيف 551.48272
رقم المادة N L
100 1# - المدخل الرئيسى - إسم شخصى
الإسم الشخصى NATIONAL GEOGRAPHIC SOCIETY
245 10 - بيان العنوان
العنوان LAKES, PEAKS, AND PRAIRIES: DISCOVERING THE UNITED STATES - CANADIAN BORDER /
بيان المسئوليه,etc NATIONAL GEOGRAPHIC SOCIETY
700 1# - المدخل الاضافى - اسم شخصى
الإسم الشخصى CRUMP, DONALD J.
650 04 - المدخل الاضافى بالموضوع-مصطلح موضوعى
مصطلح موضوعي UNITED STATES
650 04 - المدخل الاضافى بالموضوع-مصطلح موضوعى
مصطلح موضوعي CANADA
650 04 - المدخل الاضافى بالموضوع-مصطلح موضوعى
مصطلح موضوعي LAKES
650 04 - المدخل الاضافى بالموضوع-مصطلح موضوعى
مصطلح موضوعي PEAKS
650 04 - المدخل الاضافى بالموضوع-مصطلح موضوعى
مصطلح موضوعي PRAIRIES
942 ## - عناصر المدخل الإضافي( كوها)
مصدر التصنيف او مخطط الترفيف Dewey Decimal Classification
Koha [default] item type كتاب
260 ## - PUBLICATION, DISTRIBUTION, ETC. (IMPRINT)
-- [S.N] :
-- NATIONAL GEOGRAPHIC SOCIETY
Holdings
حالة التراجع حالة الفقد حالة تلف ليس للاعارة المكان المؤقت الموقع الحالى تاريخ الاكتساب اجمالي اﻻعارات رقم الطلب الباركود تاريخ اخر مشاهدة تاريخ تفعيل السعر نوع وعاء كوها
        مكتبة القاهرة الكبرى مكتبة القاهرة الكبرى 03/26/2014   551.48272\N L 40651 03/26/2014 03/26/2014 كتاب
        مكتبة القاهرة الكبرى مكتبة القاهرة الكبرى 03/26/2014   551.48272\N L 40652 03/26/2014 03/26/2014 كتاب

Powered By

EGPV